000 01024njm a22002657a 4500
005 20100908140152.0
007 sd ammalaaahaa
008 100830t xxu||||| |||| 00| 0 hin d
028 _aN. 54370
_bHis Master's Voice
035 _aGR-01201
040 _aSED/VEN
100 _917458
_aMohd. Rafi
245 _aNai umar ki nai phasal bhag 1 /
_h[Sound recording] :
_cby Mohd. Rafi ; music Roshan ; lyric Neeraj
246 _aनई उम्र की नई फसल (मोहद. रफ़ी)
260 _aDum Dum, India
_bHis Master's Voice
300 _a1 Sound disc [Gramophone Record] :
_banalog, 33 1/3 rpm
_c10 in (LP)
_fGramophone Records
500 _aBrief record
505 _aPyar lutata chal (प्यार लुटता चल) पार्ट. 2
650 _aClassical Music
_91186
_zIndia
_xExcerpts
700 _917459
_a Roshan
700 _aNeeraj
_918822
700 _918873
942 _2ddc
_cGR
999 _c44513
_d44513